Gaffe/Stutter (Record no. 93742)

MARC details
000 -LEADER
fixed length control field 02345nam a2200205Ii 4500
008 - FIXED-LENGTH DATA ELEMENTS--GENERAL INFORMATION
fixed length control field 221202s xx 000 0 und d
100 1# - MAIN ENTRY--PERSONAL NAME
Personal name Trettien, Whitney Anne,
Relator term author
245 #0 - TITLE STATEMENT
Title Gaffe/Stutter
264 #1 - PRODUCTION, PUBLICATION, DISTRIBUTION, MANUFACTURE, AND COPYRIGHT NOTICE
Place of production, publication, distribution, manufacture Brooklyn, NY
Name of producer, publisher, distributor, manufacturer punctum books
Date of production, publication, distribution, manufacture, or copyright notice 2013
300 ## - PHYSICAL DESCRIPTION
Extent 1 online resource (90 pages)
336 ## - CONTENT TYPE
Content type term text
Content type code txt
Source rdacontent
337 ## - MEDIA TYPE
Media type term computer
Media type code c
Source rdamedia
338 ## - CARRIER TYPE
Carrier type term online resource
Carrier type code cr
Source rdacarrier
520 ## - SUMMARY, ETC.
Summary, etc. Gaffe/Stutter is a dead letter to Deleuze's Logic of Sense. It began as a series of diagrams, two-dimensional memory palaces that sketch the vectors of each chapter's paradox; it became an elaborate plan for a web-based diagrammatic (r)e(n)dition of Logic of Sense, built on zoomable, annotatable high-resolution scans of these diagrams. Conceived as an anti-book - a visual reading schematic - this project eschews the line of text in favor of regimented grids, the ink-soaked grain of the remediated pen over the laser-burned face of print; playful reaction rather than academic protraction. This is not an analogy, or a product of the imagination, Gilles Deleuze and Felix Guattari would write in A Thousand Plateaus, but a composition of speeds and affects on the plane of consistency: a plan(e), a program, or rather a diagram, a problem, a question-machine. It ended as a directory of inert jQuery demos and digital scans: an image of Trafalgar Square at dusk, annotated with the words "Flag," "Small people on the steps," "A Statue," and "National Gallery Dome"; an empty html file titled 'delete.html'. The visitor who may happen to wander onto the website where these project demos are stashed would find herself stuck on Deleuze's definition of a paradox as initially that which destroys good sense as the only direction of becoming, but also that which destroys common sense as the assignation of fixed identities. From a series of diagrams to a dead-end digital directory, Gaffe/Stutter re-interprets a book that itself resists scholarly annotation. As with sense, it subsists in language; but it happens to things.
653 ## - INDEX TERM--UNCONTROLLED
Uncontrolled term Experimental Writing
653 ## - INDEX TERM--UNCONTROLLED
Uncontrolled term Felix Guattari
653 ## - INDEX TERM--UNCONTROLLED
Uncontrolled term Gilles Deleuze
856 ## - ELECTRONIC LOCATION AND ACCESS
Uniform Resource Identifier <a href="https://docs.google.com/spreadsheets/d/1yKIrdCPDAG_9c22mwoOIO2DOhtj65Wqa/edit?usp=sharing&ouid=106555315294820607512&rtpof=true&sd=true ">https://docs.google.com/spreadsheets/d/1yKIrdCPDAG_9c22mwoOIO2DOhtj65Wqa/edit?usp=sharing&ouid=106555315294820607512&rtpof=true&sd=true </a>
Link text List of Curated E-Books
942 ## - ADDED ENTRY ELEMENTS (KOHA)
Koha item type E-Book

No items available.

University of Rizal System
Email us at univlibservices@urs.edu.ph

Visit our Website www.urs.edu.ph/library